000 00597nam a2200133Ia 4500
008 171212s9999 xx 000 0 und d
020 _a9780833028846
100 _aDowns, Erica Strecker;Mesic, Richard;Kelley, Charles T. Jr.;Bowie, Christopher J.;Buchan, Glenn;Levaux, Hugh P.
245 _cDowns, Erica Strecker;Mesic, Richard;Kelley, Charles T. Jr.;Bowie, Christopher J.;Buchan, Glenn;Levaux, Hugh P.
_aChina's Quest for Energy Security
260 _bRAND Corporation
_c2006
650 _aEnergy policy -- China
650 _aPolitical Science
856 _uwww.jstor.org/stable/10.7249/mr1244af
999 _c351861
_d351861